书目信息 |
| 题名: |
汽车安全驾驶技术全程图解
|
|
| 作者: | 王淑君 编著 | |
| 分册: | ||
| 出版信息: | 北京 化学工业出版社 2016 |
|
| 页数: | 154页 | |
| 开本: | 26cm | |
| 丛书名: | ||
| 单 册: | ||
| 中图分类: | U471.15-64 | |
| 科图分类: | ||
| 主题词: | 汽车驾驶--图解--安全技术 , 汽车驾驶--图解--安全技术 | |
| 电子资源: | ||
| ISBN: | 978-7-122-26439-8 | |
| 000 | 00877nam0 2200241 450 | |
| 001 | 560 | |
| 001 | 01XX12703458@CSLN | |
| 005 | 20160906091539.35 | |
| 010 | @a978-7-122-26439-8@dCNY39.90 | |
| 100 | @a20160517d2016 em y0chiy50 ea | |
| 101 | 0 | @achi |
| 102 | @aCN@b110000 | |
| 105 | @aa z 000yy | |
| 200 | 1 | @a汽车安全驾驶技术全程图解@9qi che an quan jia shi ji shu quan cheng tu jie@e经验+规律+技巧+要领@f王淑君编著 |
| 210 | @a北京@c化学工业出版社@d2016 | |
| 215 | @a154页@d26cm | |
| 330 | @a本书以小轿车为例进行讲解,涵盖了一般道路驾驶、复杂路段驾驶、特殊环境驾驶、不同季节驾驶和高速公路驾驶、安全文明停车及车辆日常维护等内容。 | |
| 606 | 0 | @a汽车驾驶@j图解@x安全技术 |
| 606 | @a汽车驾驶@j图解@x安全技术 | |
| 690 | @aU471.15-64@v5 | |
| 701 | 0 | @a王淑君@9wang shu jun@c(职业教育)@4编著 |
| 801 | 0 | @aCN@b唐山师范学院图书馆@c20160722 |
| 905 | @aZUCC@dU471.15-64@e288 | |
| 汽车安全驾驶技术全程图解:经验+规律+技巧+要领/王淑君编著.-北京:化学工业出版社,2016 |
| 154页;26cm |
| ISBN 978-7-122-26439-8:CNY39.90 |
| 本书以小轿车为例进行讲解,涵盖了一般道路驾驶、复杂路段驾驶、特殊环境驾驶、不同季节驾驶和高速公路驾驶、安全文明停车及车辆日常维护等内容。 |
| ● |
| 相关链接 |
|
|
|
|
正题名:汽车安全驾驶技术全程图解
索取号:U471.15-64/288
 
预约/预借
| 序号 | 登录号 | 条形码 | 馆藏地/架位号 | 状态 | 备注 |
| 1 | 902414 | 209024143 | 第二样本阅览室/ [索取号:U471.15-64/288] | 在馆 | |
| 2 | 902415 | 209024152 | 密集书库-物理学院/ [索取号:U471.15-64/288] | 在馆 | |
| 3 | 902416 | 209024161 | 第三借阅区/ [索取号:U471.15-64/288] | 在馆 | |
| 4 | 902417 | 209024170 | 第三借阅区/ [索取号:U471.15-64/288] | 在馆 | |
| 5 | 902418 | 209024189 | 第三借阅区/ [索取号:U471.15-64/288] | 在馆 |